|
|
|
|
| LEADER |
00000cam a2200000 a 4500 |
| 001 |
vtls011983315 |
| 003 |
SK-MaSNL |
| 005 |
20260302093721.0 |
| 008 |
200722s1965 xr a c p 0000m cze |
| 020 |
|
|
|q (viaz.)
|
| 040 |
|
|
|a SNK
|b slo
|c SNK
|e AACR2
|
| 041 |
0 |
|
|a cze
|
| 044 |
|
|
|a xr
|c CZ
|
| 080 |
|
|
|a 37.016:82
|2 2011
|
| 080 |
|
|
|a (075.2)
|2 2011
|
| 100 |
1 |
|
|a Beneš, Karel,
|d 1900-1965
|4 aut
|9 518706
|
| 245 |
1 |
0 |
|a Čítanka pro devátý ročník zvláštních škol
|c zpracovali Karel Beneš, Vladimír Polák
|
| 250 |
|
|
|a 3. vyd.
|
| 260 |
|
|
|a Praha
|b Státní pedagogické nakladatelství
|c 1965
|
| 300 |
|
|
|a 207, [1] s.
|b ilustr.
|c 21 cm
|
| 490 |
1 |
|
|a Učebnice pro zvláštní školy
|
| 650 |
0 |
7 |
|a literárna výchova
|2 SNKPH
|9 1653
|
| 655 |
|
7 |
|a čítanky
|2 SNKPH
|9 60817
|
| 655 |
|
7 |
|a učebnice špeciálnych základných škôl
|2 SNKPH
|9 70204
|
| 700 |
1 |
|
|a Polák, Vladimír,
|d 1914-2004
|4 aut
|9 82613
|
| 700 |
1 |
|
|a Aleš, Mikoláš,
|d 1852-1913
|4 ill
|9 103292
|
| 700 |
1 |
|
|a Benka, Martin,
|d 1888-1971
|4 ill
|9 100354
|
| 700 |
1 |
|
|a Horník, Jiří,
|d 1916-1961
|4 ill
|9 226402
|
| 700 |
1 |
|
|a Kašpar, Adolf,
|d 1877-1934
|4 ill
|9 62154
|
| 700 |
1 |
|
|a Lauda, Jaromír,
|d 1924-
|4 ill
|9 630756
|
| 700 |
1 |
|
|a Mánes, Josef,
|d 1820-1871
|4 ill
|9 241501
|
| 700 |
1 |
|
|a Pokorný, Karel,
|d 1891-1962
|4 ill
|9 148246
|
| 700 |
1 |
|
|a Rabas, Václav,
|d 1885-1954
|4 ill
|9 107999
|
| 700 |
1 |
|
|a Švabinský, Max,
|d 1873-1962
|4 ill
|9 110309
|
| 700 |
1 |
|
|a Špála, Václav,
|d 1885-1946
|4 ill
|9 123111
|
| 700 |
1 |
|
|a Tittelbach, Vojtěch,
|d 1900-1971
|4 ill
|9 207598
|
| 830 |
|
0 |
|a Učebnice pro zvláštní školy
|9 285892
|
| 958 |
|
|
|a CZ
|
| 958 |
|
|
|a OND
|
| 958 |
|
|
|a UC
|
| 999 |
|
|
|c 1210113
|d 1212043
|
| 952 |
|
|
|a SNK
|b SNK
|y PREZ
|7 0
|p 17A0872334
|o snkSC 19706
|i snkKIP 1315/65
|0 0
|1 0
|4 0
|d 1996-11-11
|l 0
|r 2005-01-01 00:00:00
|w 2026-02-24
|
| 952 |
|
|
|a SNK
|b SNK
|y VYP
|7 0
|p 17A1346427
|o snkSC 19706 D1
|i snkKIP 1316/65
|0 0
|1 0
|4 0
|d 1996-11-11
|l 0
|r 2005-01-01 00:00:00
|w 2026-02-24
|